<The> role of corporate income tax in foreign direct investment inflows into the "Old" and "New" EU member states

Gespeichert in:
Bibliographische Detailangaben
1. Verfasser: Kubicová, Jana, 1961-
Format: Buchkapitel
Sprache:Englisch
Tags: Tag hinzufügen
Keine Tags, Fügen Sie das erste Tag hinzu!

MARC

LEADER 00000nla a2200000 4500
001 0183794
005 20240502083432.9
041 0 |a eng 
044 |a CZ 
245 1 0 |a <The> role of corporate income tax in foreign direct investment inflows into the "Old" and "New" EU member states  |c Jana Kubicová 
100 1 |a Kubicová, Jana, 1961-